Catálogo - Centro de Recursos para el Aprendizaje y la Investigación

Volver al Sitio - CRAI Biblioteca

Ciencias sociales 6 : (Registro nro. 113840)

Detalles MARC
000 -CABECERA
campo de control de longitud fija 01140nam a2200253 4500
001 - NÚMERO DE CONTROL
campo de control 113840
003 - IDENTIFICADOR DEL NÚMERO DE CONTROL
campo de control DR-UNIBE
005 - FECHA Y HORA DE LA ÚLTIMA TRANSACCIÓN
campo de control 20250708155135.0
008 - DATOS DE LONGITUD FIJA--INFORMACIÓN GENERAL
campo de control de longitud fija 250707b2017 dr ||||| |||| 00| 0 spa d
040 ## - FUENTE DE LA CATALOGACIÓN
Centro catalogador/agencia de origen BIBLIOTECA UNIBE
Lengua de catalogación spa
Centro/agencia transcriptor BIBLIOTECA UNIBE
Normas de descripción rda
041 ## - CÓDIGO DE LENGUA
Código de lengua del texto/banda sonora o título independiente spa
082 ## - NÚMERO DE LA CLASIFICACIÓN DECIMAL DEWEY
Número de edición 22
Número de clasificación RD 372.89 C117c
100 10 - ENTRADA PRINCIPAL--NOMBRE DE PERSONA
Nombre de persona Cabrera, Argentina
9 (RLIN) 197085
Término indicativo de función/relación editor
-- redactor
245 10 - MENCIÓN DE TÍTULO
Título Ciencias sociales 6 :
Resto del título educación básica /
Mención de responsabilidad, etc. Argentina Cabrera
260 ## - PUBLICACIÓN, DISTRIBUCIÓN, ETC.
Lugar de publicación, distribución, etc. Santo Domingo:
Nombre del editor, distribuidor, etc. Editorial Edisa,
Fecha de publicación, distribución, etc. 2017
300 ## - DESCRIPCIÓN FÍSICA
Extensión 157 páginas :
Otras características físicas fotos e ilustraciones a color ;
Dimensiones 27 x 21 cm
505 ## - NOTA DE CONTENIDO CON FORMATO
Nota de contenido con formato Presentación |<br/>Unidad i. Expansionismo europeo a nivel del mundo |<br/>Unidad 2. Grandes revoluciones burguesas y sus efectos en América y el Caribe <br/>
650 #7 - PUNTO DE ACCESO ADICIONAL DE MATERIA--TÉRMINO DE MATERIA
Fuente del encabezamiento o término lemb
Término de materia o nombre geográfico como elemento de entrada Ciencias sociales
Subdivisión general Enseñanza
-- Educación primaria
9 (RLIN) 197180
700 10 - PUNTO DE ACCESO ADICIONAL--NOMBRE DE PERSONA
Nombre de persona Rosa, María del Jesus de la
9 (RLIN) 197022
Término indicativo de función/relación director técnico
700 10 - PUNTO DE ACCESO ADICIONAL--NOMBRE DE PERSONA
Nombre de persona Hutchinson, Rafael
9 (RLIN) 53464
Término indicativo de función/relación ilustrador
-- diseñador de portada
700 10 - PUNTO DE ACCESO ADICIONAL--NOMBRE DE PERSONA
Nombre de persona Mancebo, María Isabel
9 (RLIN) 197087
Término indicativo de función/relación digitador
700 10 - PUNTO DE ACCESO ADICIONAL--NOMBRE DE PERSONA
Nombre de persona López Genao, Cruz Altagracia
9 (RLIN) 53505
Término indicativo de función/relación diagramador
-- diseñador gráfico
942 ## - ELEMENTOS DE PUNTO DE ACCESO ADICIONAL (KOHA)
Fuente del sistema de clasificación o colocación Sistema de Clasificación Decimal Dewey
Tipo de ítem Koha Libro (general)
Existencias
Estado de retiro Estado de pérdida Fuente del sistema de clasificación o colocación No para préstamo Código de colección Localización permanente Fecha de adquisición Total de préstamos Signatura topográfica completa Código de barras Fecha visto por última vez Número de copia Precio válido a partir de Tipo de ítem Koha
  Disponible Sistema de Clasificación Decimal Dewey   General - Libros dominicanos Biblioteca Central UNIBE 07/05/2025   RD 372.89 C117c 250699 07/07/2025 Ej. 1 07/07/2025 Libro (general)